<?xml version="1.0" encoding="UTF-8"?>
<collection xmlns="http://www.loc.gov/MARC21/slim">
 <record>
  <leader>01067nam a22002415a 4500</leader>
  <controlfield tag="001">CEM.cems020452</controlfield>
  <controlfield tag="008">230918s2003##################000#0#####d</controlfield>
  <controlfield tag="005">20230918133714.0</controlfield>
  <datafield tag="245" ind1="1" ind2="0">
   <subfield code="a">El año de la vaca /</subfield>
   <subfield code="c">Márgara Averbach</subfield>
  </datafield>
  <datafield tag="250" ind1=" " ind2=" ">
   <subfield code="a">1a ed.</subfield>
  </datafield>
  <datafield tag="260" ind1=" " ind2=" ">
   <subfield code="a">Buenos Aires :</subfield>
   <subfield code="b">Sudamericana,</subfield>
   <subfield code="c">2003.</subfield>
  </datafield>
  <datafield tag="300" ind1=" " ind2=" ">
   <subfield code="a">144 p.</subfield>
  </datafield>
  <datafield tag="490" ind1="0" ind2=" ">
   <subfield code="a">La pluma del gato</subfield>
  </datafield>
  <datafield tag="500" ind1=" " ind2=" ">
   <subfield code="a">A partir de 12 años</subfield>
  </datafield>
  <datafield tag="520" ind1=" " ind2=" ">
   <subfield code="a">Fue así: la foto sale volando de la mano de Laura y flora por debajo del banco, hacia adelante, hacia la Vaca, que no se daba vuelta para nada...No es el único gesto que intriga a Sebastián. Todos comienzan a descubrir que hay algo intenso y raro en ella, la &quot;nueva&quot;. Y lo contarán de muchas maneras. Porque cada uno es testigo sólo de su propia experiencia.</subfield>
  </datafield>
  <datafield tag="020" ind1=" " ind2=" ">
   <subfield code="a">9500723263</subfield>
  </datafield>
  <datafield tag="100" ind1="1" ind2=" ">
   <subfield code="a">Averbach, Márgara</subfield>
  </datafield>
  <datafield tag="653" ind1=" " ind2=" ">
   <subfield code="a">Literatura juvenil</subfield>
  </datafield>
  <datafield tag="653" ind1=" " ind2=" ">
   <subfield code="a">Literatura argentina</subfield>
  </datafield>
  <datafield tag="653" ind1=" " ind2=" ">
   <subfield code="a">Literatura juvenil argentina</subfield>
  </datafield>
  <datafield tag="653" ind1=" " ind2=" ">
   <subfield code="a">Novela argentina</subfield>
  </datafield>
  <datafield tag="653" ind1=" " ind2=" ">
   <subfield code="a">Novela juvenil</subfield>
  </datafield>
  <datafield tag="859" ind1=" " ind2=" ">
   <subfield code="a">CEMS</subfield>
   <subfield code="b">BIB. CEMS - Inicial y Primaria</subfield>
   <subfield code="h">A863.4</subfield>
   <subfield code="i">Av95</subfield>
   <subfield code="k">IP</subfield>
   <subfield code="p">3268</subfield>
   <subfield code="t">Ej.1</subfield>
  </datafield>
 </record>
</collection>
